000 00536nam a22001577a 4500
003 OSt
005 20150909162236.0
008 150909b xxu||||| |||| 00| 0 eng d
040 _cRUA
082 _aAGR យី​ 1994 B0011 Or.1
100 _9197
_aយី​ ប៊ុនហាក់
245 _aសិក្សាអំពីប្រព័ន្ឋក្សេត្របរិស្ដានដំណាំស្រូវនៅកម្ពុជា
260 _aRUA
_bphnom penh
300 _a191p.
_cill.
_g29cm.
942 _2ddc
_cAGR
999 _c177
_d177